000 00554nam a2200205Ia 4500
003 OSt
005 20220926045955.0
006 a|||||r|||| 00| 0
007 ta
008 220923b |||||||| |||| 00| 0 eng d
037 _cGeneral Book
040 _aRTL
_cRTL
_beng
041 _2eng
_aeng
082 _aU47, L2/TD3
100 _aENGLISH Paul W
_9350810
245 0 _aMan space and environment.
700 _a MAYFIELD R C
_9350811
942 _hU47, L2/TD3
_cGB
_2CC
999 _c679130
_d679130